Vyber internetovej predajne spotrebiteľom diplomová práca

Na minha lista:
Detalhes bibliográficos
Autor principal: Valovičová Eglová, Lucia
Autor Corporativo: Obchodná fakulta EU. Katedra marketingu
Outros Autores: Kita, Pavol
Formato: Livro
Idioma:eslovaco
Publicado em: Bratislava 2017
Tags: Adicionar Tag
Sem tags, seja o primeiro a adicionar uma tag!

MARC

LEADER 00000nbm a2200000 4500
001 0235442
005 20170921124004.4
041 0 |a slo 
044 |a SK 
245 1 0 |a Vyber internetovej predajne spotrebiteľom  |b diplomová práca  |c Lucia Valovičová ; školiteľ: Pavol Kita 
264 1 |a Bratislava  |c 2017 
300 |a 67 s. 
100 1 |a Valovičová Eglová, Lucia 
700 1 |a Kita, Pavol 
710 2 |a Obchodná fakulta EU. Katedra marketingu